000 00624nam a2200205 a 4500
003 BD-JhCC
005 20230615085441.0
008 230614b2022 b ||||| ||a| 000 0 b d
020 _a9789849675044
035 _a(BD-JhCC)
040 _aBD-JhCC
_dBD-JhCC
041 _aBengali
082 _a891.4435
_bAKH 2022
100 _a আখতার, শাহীন
245 _aএক শ এক রাতের গল্প /
_cশাহীন আখতার
260 _aঢাকা :
_bপ্রথমা প্রকাশন
_c2022
300 _a232p. :
_c21 cm.
650 _aBengali Short Story
942 _2ddc
_cBK
999 _c13042
_d13042